header

The Peloponnesian War (Record no. 42142)

MARC details
000 -LEADER
fixed length control field 01577nam a2200409 a 4500
082 04 - DEWEY DECIMAL CLASSIFICATION NUMBER
Classification number 938/.05
100 0# - MAIN ENTRY--AUTHOR NAME
Personal name Thucydides.
245 14 - TITLE STATEMENT
Title The Peloponnesian War
260 ## - PUBLICATION, DISTRIBUTION, ETC. (IMPRINT)
Place of publication Oxford ;
-- New York :
Name of publisher Oxford University Press,
Year of publication 2009.
300 ## - PHYSICAL DESCRIPTION
Number of Pages lxiv, 708 p. :
Other physical details maps.
490 1# - SERIES STATEMENT
Series statement Oxford world's classics
700 1# - ADDED ENTRY--PERSONAL NAME
Personal name Hammond, Martin,
Personal name Rhodes, P. J.
856 40 - ELECTRONIC LOCATION AND ACCESS
Uniform Resource Identifier http://site.ebrary.com/lib/rucke/Doc?id=10348651

No items available.

© 2026 Rongo University
Contact us: librarian | system librarian | Rongo university